00577nam a2200169Ia 4500008004100000020001800041041000800059082001800067100004100085245003900126250000600165260005800171300001800229650003000247999001900277952011100296210716s9999 xx 000 0 und d a9780070078079 aeng a658.3124 NOER aNoe, Raymond A;Kodwani, Amitabh Deo. aEmployee training and development. a5 aNew DelhibTata McGraw Hill Education Private Limited axxvi,632/2013 aHuman Resource Management c206352d206352 001040708MBAaAIMITbAIMITd2021-07-16l0o658.3124 NOERpMBA08918r2026-05-23 00:00:00w2021-07-16yBK